Salmos

Guardat en:
Dades bibliogràfiques
Autors principals: Alonso Schökel, Luis (autor), Carniti, Cecilia (Autor)
Format: Llibre
Idioma:espanyol
Publicat: Pamplona Verbo Divino 2009
Edició:4a. ed
Col·lecció:Nueva Biblia Española
Matèries:
Etiquetes: Afegir etiqueta
Sense etiquetes, Sigues el primer a etiquetar aquest registre!

MARC

LEADER 00000cam a2200000 a 4500
001 UCD7045
003 CL-VaPUC
008 170309e20090000sp |||||||||||||||||spa|d
020 |a 9788471516688t.2 
082 0 4 |a 223.2  |b ALO  |2 21 
100 |a Alonso Schökel, Luis  |e autor  |9 591055 
700 0 |a Carniti, Cecilia  |e author  |9 591001 
245 1 0 |a Salmos 
250 |a 4a. ed 
300 |a t 
942 |c BK 
945 |d 20170309 22:28:00  |a dcastane 
260 |a Pamplona  |b Verbo Divino  |c 2009 
500 |a t.2: salmos 73-150. Traducción, introducciones y comentario 
650 0 |a Salmos   |9 319607 
650 0 |a Crítica e interpretación   |9 255042 
583 |a last modification  |c 20170309 22:28:00  |k Rodrigo Vera 
490 0 |a Nueva Biblia Española 
999 |c 367211  |d 367209 
952 |0 0  |1 0  |3 erd  |4 0  |6 223_200000000000000_ALO_2009  |7 0  |8 A  |9 481932  |a BIBTEO  |b BIBTEO  |h t.2  |i 5362857  |o 223.2 ALO 2009  |p 5362857  |r 2025-01-17  |w 2019-11-24  |y BK  |z Catalogado en:20170309  |k ICR